=LDR 00000nam 2200000 4500 =001 INLIS000000000036326 =005 20130612142124 =008 ***********************************Ind** =035 ##$$0010-061300000036326 =041 ##$$a Ind =082 ##$$a 813.084 =090 ##$$a 813.084, Mad d =100 ##$$a Madasari, Okky =245 ##$$a Delapan Enam, oleh Okky madasari =260 ##$$a 2011 $b jakarta =300 ##$$a 251 hlm, 21 cm =650 ##$$a Fiksi Indonesia =850 ##$$a NBPNMAT